The gift of Easter. (Record no. 7587)

000 -LEADER
fixed length control field 00603nam a2200193 a 4500
001 - CONTROL NUMBER
control field :::00005348$&:&@@
003 - CONTROL NUMBER IDENTIFIER
control field OkBaRHE
005 - DATE AND TIME OF LATEST TRANSACTION
control field 20110427121527.0
008 - FIXED-LENGTH DATA ELEMENTS--GENERAL INFORMATION
fixed length control field s1979 j 000 0 eng u
040 ## - CATALOGING SOURCE
Transcribing agency
100 1# - MAIN ENTRY--PERSONAL NAME
Personal name Thatcher, Floyd,
245 14 - TITLE STATEMENT
Title The gift of Easter.
260 ## - PUBLICATION, DISTRIBUTION, ETC. (IMPRINT)
Place of publication, distribution, etc Waco, TX.,
Name of publisher, distributor, etc Word Books
Date of publication, distribution, etc 1979
300 ## - PHYSICAL DESCRIPTION
Extent 165 p. : illus. ;
Dimensions 23 cm.
650 ## - SUBJECT ADDED ENTRY--TOPICAL TERM
Topical term or geographic name as entry element Jesus Christ
General subdivision Resurrection
-- Meditations
700 ## - ADDED ENTRY--PERSONAL NAME
Personal name Thatcher, Floyd W.
942 ## - ADDED ENTRY ELEMENTS (KOHA)
Source of classification or shelving scheme
Koha item type Books
Copies
Current Location Barcode Date last seen Source of classification or shelving scheme Lost status Full call number Not for loan Koha item type Copy number Permanent Location Withdrawn status Shelving location Price effective from Damaged status Date acquired
RHEMA Bible Training College53482011-04-27  BT 481 .G5 Books1RHEMA Bible Training College General Stacks2010-04-14 2010-04-14